Tropical rain forest in south-east asia : (Record no. 18019)

MARC details
000 -LEADER
fixed length control field 00642nam a2200253Ia 4500
001 - CONTROL NUMBER
control field AUWbook002466
003 - CONTROL NUMBER IDENTIFIER
control field BDCtgAUW
005 - DATE AND TIME OF LATEST TRANSACTION
control field 20260406155209.0
008 - FIXED-LENGTH DATA ELEMENTS--GENERAL INFORMATION
fixed length control field 220908s9999 xx 000 0 eng d
020 ## - INTERNATIONAL STANDARD BOOK NUMBER
International Standard Book Number 967730013x
040 ## - CATALOGING SOURCE
Original cataloging agency BDCtgAUW
Transcribing agency BDCtgAUW
050 ## - LIBRARY OF CONGRESS CALL NUMBER
Classification number QH193.S6R83
100 1# - MAIN ENTRY--PERSONAL NAME
Personal name Rubeli, Ken.
9 (RLIN) 15194
245 #0 - TITLE STATEMENT
Title Tropical rain forest in south-east asia :
Remainder of title pictorial journey /
260 ## - PUBLICATION, DISTRIBUTION, ETC.
Place of publication, distribution, etc. Kuala Lumpur :
Name of publisher, distributor, etc. Tropical Press,
Date of publication, distribution, etc. 1986.
300 ## - PHYSICAL DESCRIPTION
Extent xiii,234 pages.
650 #0 - SUBJECT ADDED ENTRY--TOPICAL TERM
Topical term or geographic name entry element Biology.
650 #0 - SUBJECT ADDED ENTRY--TOPICAL TERM
Topical term or geographic name entry element Natural history.
650 #0 - SUBJECT ADDED ENTRY--TOPICAL TERM
Topical term or geographic name entry element Science.
887 ## - NON-MARC INFORMATION FIELD
Content of non-MARC field BRAC
Source of data 2982
888 ## -
-- 2982
942 ## - ADDED ENTRY ELEMENTS (KOHA)
Koha item type Books
Koha issues (borrowed), all copies 0
945 ## - LOCAL PROCESSING INFORMATION (OCLC)
c BK

No items available.